Kaštiele a kúrie - Kaštieľ Malinovo - obnova a revitalizácia

Salvato in:
Dettagli Bibliografici
Autore principale: Kosturková, Michaela (Autore)
Altri autori: Gregor, Pavel (Relatore della tesi)
Natura: Manoscritto Libro
Lingua:slovacco
Pubblicazione: 2025
Soggetti:
Accesso online:http://is.stuba.sk/zp/portal_zp.pl?podrobnosti=185113
Tags: Aggiungi Tag
Nessun Tag, puoi essere il primo ad aggiungerne!!

MARC

LEADER 00000ntm a22000003a 4500
001 stuzp104795
003 SK-STU
005 20250607210838.9
007 ta
008 150427s2015----xo-----f-mn---000-0-slo-d
040 |a STU  |b slo 
041 0 |a slo 
100 1 |a Kosturková, Michaela  |u 053130  |4 aut  |U FAD Fakulta architektúry a dizajnu  |T FAD Ústav dejín a teórie architektúry a obnovy pamiatok  |X 103649  |U A3130  |Y 394  |7 103649 
242 0 1 |a The Manor and Small Noble Houses - Manor House Malinovo - restoration and revitalization  |y eng 
245 1 0 |a Kaštiele a kúrie - Kaštieľ Malinovo - obnova a revitalizácia 
260 |c 2025 
650 4 |a education  |2 eng 
650 4 |a Malinovo manor house  |2 eng 
650 4 |a sustainability  |2 eng 
650 4 |a restoration of the monument  |2 eng 
650 4 |a udržateľnosť  |2 slo 
650 4 |a vzdelávanie  |2 slo 
650 4 |a obnova pamiatky  |2 slo 
650 4 |a kaštieľ Malinovo  |2 slo 
700 1 |a Gregor, Pavel  |u 053130  |k Z8  |4 ths  |U FAD Fakulta architektúry a dizajnu  |T FAD Ústav dejín a teórie architektúry a obnovy pamiatok  |X 412  |U A3130  |Y 394  |7 A000000412 
856 4 |u http://is.stuba.sk/zp/portal_zp.pl?podrobnosti=185113